000 00376pab a2200157 454500
008 180718b2010 xxu||||| |||| 00| 0 eng d
100 _aGhildiyal, Sanjay
245 _aMoral economy and the indigo movement
260 _c2010
300 _ap.67-72.
362 _a20 Feb
650 _aPeasantry
773 _aEconomic and Political Weekly
908 _aN
909 _a85723
999 _c85723
_d85723